OECD Territorial Reviews: The Megaregion of Western Scandinavia

Guardado en:
Detalles Bibliográficos
Formato: Libro
Lenguaje:inglés
Publicado: Paris OECD 2018
Colección:OECD Territorial Reviews
Materias:
Etiquetas: Agregar Etiqueta
Sin Etiquetas, Sea el primero en etiquetar este registro!

MARC

LEADER 00000nam a2200000 4500
001 0242907
005 20221220065801.5
020 |a 978-92-64-29066-2 
041 0 |a eng 
044 |a FR 
245 1 0 |a OECD Territorial Reviews: The Megaregion of Western Scandinavia 
264 1 |a Paris  |b OECD  |c 2018 
300 |a 174 s. 
490 1 |a OECD Territorial Reviews 
830 0 |a OECD Territorial Reviews 
610 2 0 |a rozvoj regionálny 
610 2 0 |a regióny 
610 2 0 |a produkt domáci hrubý 
610 2 0 |a ukazovatele ekonomické 
610 2 0 |a Škandinávia